Visualizzazione normale
Vista MARC
- Perino, Renato
di Personal Name
Records bibliografici associati: 6
001 - CONTROL NUMBER
- control field: 460
003 - CONTROL NUMBER IDENTIFIER
- control field: IT-RoPau
005 - DATE AND TIME OF LATEST TRANSACTION
- control field: 20130315094730.0
008 - FIXED-LENGTH DATA ELEMENTS
- fixed length control field: 130315|| aca||aabn | a|a d
040 ## - CATALOGING SOURCE
- Original cataloging agency: IT-RoPau
- Transcribing agency: IT-RoPau
100 ## - HEADING--PERSONAL NAME
- Personal name: Perino, Renato
670 ## - SOURCE DATA FOUND
- Source citation: Work cat.: (IT-RoPau): Perino, Renato, Articoli (1/85. Vocazione apostolica, Orientamento vocazionale, Formazione apostolica., 1985